Utilitarismo y Constitucionalismo la ocasin̤ de 1812

Bibliographic Details
Main Author: Ruiz Resa, Josefa Dolores
Other Authors: Escamilla Castillo, Manuel
Format: eBook
Language:Spanish
Published: Madrid : Dykinson, 2012
Subjects:
Online Access:http://www.vlex.com/source/7013

MARC

LEADER 00000nam a22000007a 4500
005 20130222090623.0
007 cr|||| ||||
008 130222e2012 sp |||||s|||| 00||0 spa d
020 |a 978-84-9031-204-9 
035 |a 7013 
040 |a vLex 
090 |c 3712  |d 3712 
100 1 0 |a Ruiz Resa, Josefa Dolores 
245 1 0 |a Utilitarismo y Constitucionalismo  |b la ocasin̤ de 1812  |h [Recurso electrn̤ico] 
256 |a Servicio en ln̕ea 
260 |a Madrid :  |b Dykinson,   |c 2012 
300 |a 1 Recurso electrn̤ico 
650 0 4 |a Historia del Derecho  |z Espaą 
650 0 4 |a Derecho constitucional  |z Espaą 
650 0 4 |a Ciencia polt̕ica 
700 1 0 |a Escamilla Castillo, Manuel 
740 |a vLex Libros (Servicio en ln̕ea) 
856 |a Acceso restringido  |u http://www.vlex.com/source/7013 
942 |c BOOK 
999 0 |a Constitutional law